| 000 | 00495nam a2200181Ia 4500 | ||
|---|---|---|---|
| 003 | IN-BaIIA | ||
| 008 | 211028s9999 xx 000 0 eng d | ||
| 020 | _a978-81-7655-970-6 | ||
| 040 | _cIIA Library | ||
| 080 |
_a529.3 _bPAL |
||
| 100 |
_aPal, Palash Baran _936247 |
||
| 245 | 0 |
_aJourney through time _ba history of dates and years _cPalash Baran Pal |
|
| 250 | _aRev. rep. | ||
| 260 |
_aNew York _bScholastic _c2008 |
||
| 300 | _a[various pagings.] | ||
| 650 |
_aTime _92741 |
||
| 942 | _cBK | ||
| 999 |
_c18988 _d18988 |
||